1057 1134 1394 1345 1101 1051 1578 1733 1734 1443 1875 1541 1714 1999 1825 1211 1182 1938 1396 1626 1961 1046 1368 1635 1266 1721 1052 1694 1530 1109 1430 1236 1666 1188 1456 1560 1491 1956 1386 1962 1669 1794 1945 1486 1179 1829 1916 1222 1238 1643 1223 1111 1810 1575 1659 1849 1218 1048 1130 1636 1129 1920 1529 1626 1551 1461 1472 1490 1641 1477 1601 1627 1969 1981 1209 1408 1081 1383 1468 1377 1278 1794 1412 1031 1348 1352 1835 1767 1654 1903 1365 1200 1638 1057 1594 1125 1274 1623 1203 BCNSPRNW ULIB Ver.6.0+V

เปลี่ยนเป็นภาษาไทย

Change to English
 แสดงรายละเอียดบรรณานุกรม
  กลับหน้าหลัก

Brief Record : Get Marc (ISO 2709) : E-mail record : QR code < ปิดหน้าต่าง
LEADER : 00000nam 2200000uu 4500
001    13399112139
003     ULIB
008    110627s2546||||th 000 0 tha d
020    9789744729996
090    นว.^bอ164ก 2546
245 00 เก็บหัวใจไว้ใกล้รัก/^c
250    พิมพ์ครั้งที่ 3
260    กรุงเทพฯ :^bนามมีบุ๊คส์พับลิเคชั่นส์,^c2546
300    208 หน้า
710 1  นามมีบุ๊คส์พับลิเคชั่นส์
945    ^p125^l0^i020516
995    ทศพร
999 ^a ใช้งานได้ทุกระบบ
รายการนี้ยังไม่มีแท็ก
คุณยังไม่ได้ล็อกอิน คุณสามารถมีกิจกรรมร่วมกับเว็บไซต์ได้ แต่ต้องล็อกอินก่อน ::
  ล็อกอิน

รายการสื่อสารสนเทศ

ลำดับที่ ประเภท เลขเรียก/บาร์โค้ด สถานที่ สถานะ
- ไม่พบข้อมูล -

BibComment


ยังไม่เคยถูกคอมเมนท์

คอมเมนท์ทรัพยากรรายการนี้
  คอมเมนท์: เก็บหัวใจไว้ใกล้ร..


 Copyright 2026. Bcnsprnw @Library